Pays ayant disputé un mondial de football. - Statistiques

Statistiques générales
  • Ce quiz a été pris 980 fois
  • Le résultat moyen est 52 sur 83
Statistiques - réponses
Nombre de participation Pays % Correct
21 Brésil
99%
15 France
99%
19 Allemagne
97%
17 Argentine
96%
15 Espagne
95%
18 Italie
95%
15 Angleterre
92%
7 Portugal
91%
10 États-Unis
90%
5 Maroc
90%
4 Russie
90%
13 Uruguay
90%
6 Japon
89%
4 Algérie
87%
1 Canada
85%
12 Suède
85%
16 Méxique
84%
1 Chine
83%
13 Belgique
82%
10 Corée du Sud
82%
10 Pays-Bas
82%
5 Australie
81%
11 Suisse
80%
9 Chili
78%
6 Colombie
78%
3 Norvège
77%
5 Croatie
75%
8 Pologne
75%
5 Tunisie
75%
3 Afrique du Sud
74%
3 République d'Irlande
74%
2 Sénégal
74%
5 Danemark
73%
3 Égypte
73%
8 Paraguay
70%
5 Pérou
70%
3 Grèce
69%
1 Ukraine
69%
7 Cameroun
68%
2 Turquie
67%
9 Hongrie
66%
7 Autriche
65%
5 Arabie Saoudite
63%
2 Corée du Nord
63%
2 Serbie
63%
8 Écosse
61%
1 Islande
61%
2 Nouvelle-Zélande
61%
1 Tchéquie
60%
3 Côte d’Ivoire
58%
3 Équateur
58%
1 Slovaquie
58%
5 Costa Rica
57%
1 Pays de Galles
57%
7 Roumanie
57%
3 Bolivie
56%
3 Ghana
56%
2 Slovénie
56%
5 Iran
55%
6 Nigeria
53%
1 Panama
53%
7 Bulgarie
51%
3 Honduras
50%
7 Union Soviétique
50%
8 Yougoslavie
47%
1 Irak
45%
1 Bosnie-Herzégovine
44%
1 Cuba
42%
3 Irlande du Nord
39%
8 Tchécoslovaquie
37%
1 Israël
36%
1 Jamaïque
36%
1 Togo
31%
1 Allemagne de l'Est
27%
2 Salvador
25%
1 Émirats arabes unis
24%
1 Angola
23%
1 Haïti
22%
1 Koweït
18%
1 Trinité-et-Tobago
16%
1 Zaïre
16%
2 Serbie-et-Monténégro
5%
1 Indes orientales néerlandaises
1%
Aucun quiz correspondant
Distribution des résultats
% des personnes avec chaque résultat
Percentile par nombre de réponses
Votre historique - résultats
Vous n’avez pas pris ce quiz